| 000 | 00614nam a2200205 u 4500 | ||
|---|---|---|---|
| 005 | 20260304063928.0 | ||
| 008 | 150601s2010 mx r 000 0 spa d | ||
| 020 | _a9786070302572 | ||
| 035 | _aUPN01000203955 | ||
| 049 | _aCG | ||
| 050 | 4 |
_aJL1224 _bA4.5 |
|
| 245 | 0 | 0 |
_aAdministración pública del siglo XIX / _ccomp. Roberto Rives. |
| 260 |
_aMéxico : _bSiglo XXI, _c2010. |
||
| 300 | _a204 p. | ||
| 440 | 0 |
_aBiblioteca básica de administración pública ; _v6 |
|
| 650 | 4 |
_aAdministración pública _zMéxico _xHistoria _911770 |
|
| 700 | 1 |
_aRives, Roberto, _dcomp. |
|
| 905 | _aLibro | ||
| 999 |
_c176056 _d176056 |
||